| 000 | 01165cam a22002894a 4500 | ||
|---|---|---|---|
| 001 | 11768929 | ||
| 005 | 20180206112415.0 | ||
| 008 | 990809s2000 enka b 001 0 eng | ||
| 010 | _a99042108 | ||
| 020 | _a0521773628 (hardback) | ||
| 035 | _a(DLC) 99042108 | ||
| 040 |
_aDLC _cDLC _dDLC |
||
| 042 | _apcc | ||
| 050 | 0 | 0 |
_aBD541 _b.P43 2000 |
| 082 | 0 | 0 |
_a122 _221 _bPEA |
| 100 | 1 |
_96920 _aPearl, Judea |
|
| 245 | 1 | 0 |
_aCausality : _bModels, Reasoning, and Inference / _cJudea Pearl. |
| 260 |
_aCambridge, U.K. ; _aNew York : _bCambridge University Press, _cc2000. |
||
| 300 |
_axvi, 384 p. : _bill. ; _c26 cm. |
||
| 504 | _aIncludes bibliographical references (p. 359-373) and indexes. | ||
| 650 | 0 |
_aCausation. _96921 |
|
| 650 | 0 |
_aProbabilities. _96922 |
|
| 856 | 4 | 1 |
_3Table of contents _uhttp://www.loc.gov/catdir/toc/cam024/99042108.html |
| 856 | 4 | 2 |
_3Publisher description _uhttp://www.loc.gov/catdir/description/cam0210/99042108.html |
| 942 |
_2ddc _cBB |
||
| 999 |
_c12030 _d12030 |
||